|
|
|
|
| LEADER |
00000nam a2200000 a 4500 |
| 001 |
vtls010264634 |
| 003 |
SK-MaSNL |
| 005 |
20260331205416.0 |
| 008 |
150827s2010 xo o r 000 0 slo |
| 015 |
|
|
|a SNBE2011/02-01331
|
| 035 |
|
|
|a 316453E5-37D8-472F-BF5C-996B84C50CB0
|
| 035 |
|
|
|a urn:nbn:sk:snk-amjhae
|
| 035 |
|
|
|a urn:nbn:sk:snk-am003erg
|
| 040 |
|
|
|a SNK
|b slo
|c SNK
|e AACR2
|
| 041 |
|
|
|a slo
|
| 043 |
|
|
|a e-xo---
|
| 044 |
|
|
|a xo
|c sk
|
| 072 |
|
7 |
|a 821.162.4
|x Slovenská literatúra
|2 konspekt
|
| 080 |
|
|
|a 821.162.4-051
|2 2001
|
| 080 |
|
|
|a 929 Banáš, Jozef
|2 2001
|
| 080 |
|
|
|a (041)
|2 2001
|
| 100 |
1 |
|
|a Unzeitigová, Zuzana,
|d 1969-
|4 com
|9 229701
|
| 245 |
1 |
0 |
|a Jozef Banáš
|b bibliografický leták
|c zostavila Zuzana Unzeitigová ; zodpovedná: Jana Stašková [i.e. Strašková]
|
| 260 |
|
|
|a Veľký Krtíš
|b Hontiansko-novohradská knižnica A. H. Škultétyho
|c 2010
|
| 300 |
|
|
|a 1 zlož. list ([5] s.)
|b fotogr.
|c 21 x 30 cm, po zložení 21 x 10 cm
|
| 500 |
|
|
|a Obsahuje údaje o tvorbe a biograf. údaje
|
| 600 |
1 |
7 |
|a Banáš, Jozef,
|d 1948-
|2 SNKMA
|9 213936
|
| 650 |
0 |
7 |
|a slovenskí spisovatelia
|2 SNKPH
|9 1258
|
| 655 |
|
7 |
|a bibliografické letáky
|2 SNKPH
|9 74589
|
| 700 |
1 |
|
|a Strašková, Jana
|4 lso
|9 327536
|
| 710 |
2 |
|
|a Hontiansko-novohradská knižinca A.H. Škultétyho (Veľký Krtíš, Slovensko)
|4 pbl
|9 481363
|
| 958 |
|
|
|a BX
|
| 999 |
|
|
|c 1006972
|d 1008902
|
| 952 |
|
|
|a SNK
|b SNK
|y PREZ
|7 0
|p 17A0696054
|o snkOSC 25484
|i snk2011/8214
|8 0
|0 0
|1 0
|4 0
|d 2011-04-08
|f 1
|l 0
|r 2026-02-24 12:39:31
|w 2026-02-24
|